| 000 | 00000nam##2200000za#4500 |
| 001 | 9.578875 |
| 003 | CaOODSP |
| 005 | 20210624190307 |
| 007 | cr ||||||||||| |
| 008 | 150406|1989||||xxc|||||o f|0| 0 eng|d |
| 022 | |a1488-5379 |
| 040 | |aCaOODSP|beng |
| 043 | |an-cn--- |
| 086 | 1 |aFs97-6/1712E-PDF |
| 110 | 1 |aCanada. |bDepartment of Fisheries and Oceans. |
| 245 | 10|aProceedings of the First Canadian Workshop on Harmful Marine Algae, Gulf Fisheries Centre, Moncton, N.B., September 17-28, 1989 / |h[electronic resource]|cS.S. Bates and J. Worms (Editors) |
| 260 | |aMoncton - New Brunswick : |bFisheries and Oceans Canada |c1989. |
| 300 | |a63p. |
| 490 | 1 |aCanadian technical report of fisheries and aquatic sciences|x1488-5379|vNo. 1712 |
| 500 | |aOn t.p.: Gulf Fisheries Centre, Moncton, New Brunswick. The catalogue number and ISSN for the print edition appear in the PDF version. |
| 546 | |a(Résumé en français) |
| 590 | |a14-04-Supp|b2014-02-05 |
| 720 | 1 |aBates, Stephen S. |
| 720 | 1 |aWorms, J. |
| 830 | #0|aCanadian technical report of fisheries and aquatic sciences,|x1488-5379|vNo. 1712|w(CaOODSP)9.504449 |
| 856 | 40|ahttp://publications.gc.ca|qPDF|s2176 KB|uhttps://publications.gc.ca/collections/collection_2014/mpo-dfo/Fs97-6-1712-eng.pdf|yNo. 1712 |